[Event "Challenge"]
[Site "http://www.queenalice.com/game.php?id=865166"]
[Date "2010.11.28"]
[Round "-"]
[White "vautrien"]
[Black "abc123"]
[Result "0-1"]
[WhiteElo "1536"]
[BlackElo "1680"]

1. Nf3 Nc6 2. c4 Nf6 3. Nc3 e6 4. d4 Bb4 5. Bd2 O-O 6. e3 d5 7. cxd5 exd5 8. a3
Bxc3 9. Bxc3 Bg4 10. Be2 Ne4 11. h3 Bxf3 12. Bxf3 Qd7 13. O-O Ne7 14. Bb4 c6 15.
Bxe7 Qxe7 16. Bxe4 Qxe4 17. b4 Rae8 18. Rc1 f5 19. Qf3 Qxf3 20. gxf3 f4 21. Rfe1
fxe3 22. fxe3 Rxf3 0-1

[Event "Challenge"]
[Site "http://www.queenalice.com/game.php?id=882262"]
[Date "2011.1.6"]
[Round "-"]
[White "abc123"]
[Black "plot24"]
[Result "1-0"]
[WhiteElo "1708"]
[BlackElo "1690"]

1. d4 d5 2. e3 Nf6 3. Bb5+ Bd7 4. Bxd7+ Qxd7 5. Nf3 Qg4 6. O-O Nc6 7. Ne5 Nxe5
8. dxe5 Qxd1 9. Rxd1 Nd7 10. Rxd5 c6 11. Rd1 Nxe5 12. e4 e6 13. Bf4 Ng6 14. Be3
Be7 15. Nc3 O-O 16. Rd7 Rab8 17. Bxa7 Rbd8 18. Rxb7 Bf6 19. Be3 Rb8 20. Rb3 Ne7
21. Bc5 Rfd8 22. e5 Bg5 23. Ne4 Rxb3 24. axb3 Rd5 25. Ra8+ 1-0

[Event "Challenge"]
[Site "http://www.queenalice.com/game.php?id=882360"]
[Date "2011.1.6"]
[Round "-"]
[White "cass"]
[Black "abc123"]
[Result "0-1"]
[WhiteElo "1739"]
[BlackElo "1690"]

1. e4 c6 2. d4 d5 3. Nc3 dxe4 4. Nxe4 e6 5. Nf3 f5 6. Bg5 Qb6 7. Nd6+ Bxd6 8. b3
c5 9. c3 Nc6 10. g3 cxd4 11. c4 Bb4+ 12. Nd2 Ne5 13. Qh5+ Nf7 14. Bf4 Nf6 15.
Qe2 g5 16. Be5 d3 17. Qxd3 Nxe5 18. Qe3 Ne4 19. Qe2 Qd4 20. Qh5+ Ng6 21. Rd1
Qxf2# 0-1

[Event "QA-ANNIV-06"]
[Site "http://www.queenalice.com/game.php?id=884983"]
[Date "2011.1.12"]
[Round "3"]
[White "palaciorep"]
[Black "abc123"]
[Result "0-1"]
[WhiteElo "1866"]
[BlackElo "1742"]

1. e4 e5 2. Nf3 Nc6 3. Bb5 Bc5 4. Bxc6 dxc6 5. O-O Nf6 6. Nc3 Qe7 7. d3 Bg4 8.
h3 Bh5 9. Be3 Bxe3 10. fxe3 O-O-O 11. Qe1 Bxf3 12. Rxf3 Nd7 13. Qf2 f6 14. Rd1
Qb4 15. Rb1 Nf8 16. a3 Qd6 17. Rd1 Ne6 18. h4 Qc5 19. Ne2 Qxc2 20. Nc3 Qb3 21.
Rd2 Rd7 22. Kh2 Rhd8 23. Qe2 Nc5 24. d4 exd4 25. exd4 Rxd4 26. Rxd4 Rxd4 27. g3
Nd7 28. g4 Ne5 29. Rg3 Nc4 30. Kh3 Rd2 31. Qf3 Qxb2 32. Rg2 Rxg2 33. Na4 Rh2+
34. Kg3 Qe5+ 35. Qf4 Rh3+ 36. Kxh3 Qxf4 37. Nc5 Qf3+ 38. Kh2 Ne3 39. Nd3 Qg2#
0-1

[Event "Challenge"]
[Site "http://www.queenalice.com/game.php?id=904049"]
[Date "2011.2.22"]
[Round "-"]
[White "abc123"]
[Black "Lello5907"]
[Result "0-1"]
[WhiteElo "1768"]
[BlackElo "1715"]

1. d4 Nf6 2. c4 g6 3. Nc3 e6 4. e4 d6 5. Nf3 Bg7 6. Be2 Qe7 7. Bg5 e5 8. Nd5 Qd8
9. dxe5 dxe5 10. Nxf6+ Bxf6 11. Qxd8+ Bxd8 12. Bxd8 Kxd8 13. Nxe5 Ke7 14. O-O-O
Kf6 0-1

[Event "Challenge"]
[Site "http://www.queenalice.com/game.php?id=904073"]
[Date "2011.2.22"]
[Round "-"]
[White "abc123"]
[Black "plot24"]
[Result "1-0"]
[WhiteElo "1772"]
[BlackElo "1886"]

1. e4 e6 2. Nf3 d5 3. exd5 exd5 4. Bb5+ Nc6 5. Ne5 Bd7 6. Bxc6 bxc6 7. O-O Nf6
8. Qe2 Qe7 9. Re1 Kd8 10. Qa6 Qc5 11. Nxf7# 1-0

[Event "AUTO-ADV-2080"]
[Site "http://www.queenalice.com/game.php?id=904258"]
[Date "2011.2.22"]
[Round "1"]
[White "Tenista"]
[Black "abc123"]
[Result "0-1"]
[WhiteElo "1597"]
[BlackElo "1763"]

1. e4 e5 2. Nf3 Nc6 3. Bb5 Bc5 4. Bxc6 dxc6 5. Nxe5 Bxf2+ 6. Kxf2 Qd4+ 7. Ke1
Qxe5 8. Qe2 Be6 9. d3 Nf6 10. g3 O-O-O 11. c3 Bg4 12. Qe3 Nxe4 13. d4 Qd5 14.
Na3 Rhe8 15. Kf1 Ng5 16. Qg1 Bh3+ 17. Kf2 Qf3# 0-1

[Event "AUTO-ADV-2080"]
[Site "http://www.queenalice.com/game.php?id=904259"]
[Date "2011.2.22"]
[Round "1"]
[White "abc123"]
[Black "Tenista"]
[Result "0-1"]
[WhiteElo "1751"]
[BlackElo "1605"]

1. e4 e5 2. Nf3 Nc6 3. Bb5 Qf6 4. O-O Bc5 5. c3 Nge7 6. b4 Bb6 7. Bxc6 Nxc6 8.
a4 a5 9. b5 Ne7 10. d4 Ng6 11. Na3 O-O 12. Nc4 Ba7 13. dxe5 Qe7 14. Ba3 c5 15.
bxc6 dxc6 16. Bxe7 Nxe7 17. Nd6 Be6 18. Ng5 Bc4 19. Nxc4 h6 20. Qd7 Bc5 21. Nd6
hxg5 22. Qxe7 Ra7 23. Qc7 g6 24. Nxb7 g4 0-1

[Event "AUTO-ADV-2080"]
[Site "http://www.queenalice.com/game.php?id=904270"]
[Date "2011.2.22"]
[Round "1"]
[White "razoman"]
[Black "abc123"]
[Result "1-0"]
[WhiteElo "1876"]
[BlackElo "1780"]

1. e4 e5 2. Nf3 Nc6 3. Bb5 Bc5 4. O-O Nf6 5. d3 Nd4 6. Nxd4 Bxd4 7. c3 Bb6 8.
Be3 Bxe3 9. fxe3 O-O 10. Nd2 c6 11. Ba4 d5 12. exd5 Nxd5 13. Qe2 Qg5 14. Rae1
Bg4 15. Qf2 Rad8 16. Ne4 Qf5 17. Qxf5 Bxf5 18. Rxf5 g6 19. Rxe5 f5 20. Nc5 Rde8
21. Nd7 Rxe5 22. Nxe5 Re8 23. d4 1-0

[Event "AUTO-ADV-2080"]
[Site "http://www.queenalice.com/game.php?id=904271"]
[Date "2011.2.22"]
[Round "1"]
[White "abc123"]
[Black "razoman"]
[Result "0-1"]
[WhiteElo "1793"]
[BlackElo "1863"]

1. e4 c5 2. Nf3 Nc6 3. Nc3 g6 4. Bc4 e6 5. O-O Bg7 6. d3 a6 7. Be3 Nge7 8. Bxc5
O-O 9. Bxe7 Qxe7 10. Qd2 Ne5 11. Nxe5 Bxe5 12. Rab1 Qh4 13. h3 b5 14. Bb3 Bb7
15. d4 Bf4 16. Qe1 b4 17. Na4 Bxe4 18. f3 Qxe1 19. Rfxe1 Bc6 20. Nb6 Rab8 21.
Nc4 Bg3 22. Re2 Bb5 23. Rd2 d5 24. Nd6 Bxd6 0-1

[Event "AUTO-ADV-2080"]
[Site "http://www.queenalice.com/game.php?id=904276"]
[Date "2011.2.22"]
[Round "1"]
[White "Clovisto"]
[Black "abc123"]
[Result "1-0"]
[WhiteElo "1861"]
[BlackElo "1719"]

1. e4 e5 2. Bc4 Bc5 3. Qh5 Qe7 4. Nf3 Nf6 5. Qxe5 Bxf2+ 6. Kxf2 Ng4+ 7. Kg3 Nxe5
8. Nc3 Nxc4 9. Nd5 Qd6+ 10. Kf2 f5 11. d3 Ne5 12. Bf4 Qc5+ 13. Kg3 1-0

[Event "AUTO-ADV-2080"]
[Site "http://www.queenalice.com/game.php?id=904277"]
[Date "2011.2.22"]
[Round "1"]
[White "abc123"]
[Black "Clovisto"]
[Result "0-1"]
[WhiteElo "1729"]
[BlackElo "1868"]

1. e4 e5 2. Nf3 f6 3. Bc4 c6 4. Nxe5 fxe5 5. Qh5+ g6 6. Qxe5+ Qe7 7. Qxh8 Qxe4+
8. Be2 Qxg2 9. Rf1 Ne7 10. Qxh7 b6 11. f4 Na6 12. Bf3 Qxf1+ 13. Kxf1 Nb4 14. Na3
Ba6+ 0-1